00964nam a2200289Ia 450000500170000000800410001702000180005804100080007610000430008424500650012725000180019230000250021049000130023550000550024853400130030365000360031665000400035265000390039265000350043165000440046626400300051033600270054033700330056733800280060004000350062808400110066320220317001841.0170410s2008 s g 000 f s  a9788483831434 aspa1 aLe Clézio, Jean-Marie Gustaved1940-10aDesiertocJ.M.G. Le Clézio ; traducción de Alberto Conde a1a. edición a403 páginasc21 cm aAndanzas aIncluye datos biográficos del autor en la solapa tDésert142LEMBaNovela francesaySiglo XX142LEMBaLiteratura francesaySiglo XX142LEMBaInmigrantes en la literatura142LEMBaMujeres en la literatura142LEMBaMujeresvVida social y costumbres aBarcelonabTusquetsc2008 atextobtxt2rdacontent asin mediaciónbn2rdamedia avolumenbnc2rdacarrier aCO-BoRNBPbspaerdacCO-BoRNBP aN LEC3